| 000 | 00681nam a22001937a 4500 | ||
|---|---|---|---|
| 005 | 20260515115019.0 | ||
| 008 | 240503b |||||||| |||| 00| 0 eng d | ||
| 040 |
_aIN-DiNC _cIN-DiNC |
||
| 041 | _dasm | ||
| 082 |
_a954 _bBAR |
||
| 100 |
_aBaruah, Dipti Prasad _eauthor |
||
| 245 |
_aUchchatar madhyamik buranji: _badhunik bharat buranji aru 1919 chanar parabarti biswa buranji (class XII)/ _cby Dipti Prasad Baruah and Udayaditya Bharali |
||
| 250 | _a1st ed. | ||
| 260 |
_aGuwahati: _bAssam Higher Secondary Education Council, _bAssam book depot, _c1998. |
||
| 300 | _a360p. | ||
| 650 | _aHistory for HS second year | ||
| 700 |
_aBharali, Udayaditya _eauthor |
||
| 942 |
_2ddc _cBK |
||
| 999 |
_c11776 _d11776 |
||